000 00834nam a2200217 a 4500
001 14138
003 BD-JhCC
005 20250123110344.0
008 171005b20222023b |||| ||a| 000 0 b d
020 _a97898489610205
035 _a(BD-JhCC) 14138
040 _aBD-JhCC
_dBD-JhCC
041 _abengali
082 _a891.4409
_bKHA 2022
100 _a খান,মোঃ কামরুল হাসান
245 _aভিন্নচোখে সেলিম আল দীন, গ্রাম থিয়েটার ও নাটক বিষয়ক পাঁচমিশালি /
_cমোঃ কামরুল হাসান খান ।
260 _aঢাকা:
_bহাওলাদার প্রকাশনী;
_c2022.
300 _a158 p. :
_c22 cm.
650 _aBengali literature .
942 _2ddc
_cBK
999 _c14138
_d14138